000 00677cab a2200217 4500
001 ABS56029
008 090401t1996 xxu||||| |||| 00| 0 eng d
035 _a(Sirsi) u20526
041 _aeng
100 _aSmith, D.
245 _aTurnover rent leases: are they the way forward?
260 _c1996
350 _a0
490 _aSolicitors` Journal
_v140(38) 11 October 1996, 978-979(2)
520 _aA history of turnover rent leases and their current advantages and disadvantages for both landlord and tenant.
650 _aTURNOVER RENT LEASES
650 _aTURNOVER RENTS
690 _aLANDLORD AND TENANT-BUSINESS TENANCIES
942 _n0
948 _c04/03/1997
999 _c13752
_d13752